000 01377cam a2200349 a 4500
001 EDZ0000072024
003 StDuBDS
005 20161031105154.0
006 m||||||||d||||||||
007 cr |||||||||||
008 120412s2006 enkab fo| 001|0|eng d
020 _a9781446221426 (ebook) :
_cNo price
040 _aStDuBDS
_beng
_cStDuBDS
_epn
049 _aAlfaisal Main Library
050 0 _aG70
_b.M88 2006
082 0 4 _a910.01
_223
100 1 _aMurdoch, Jonathan.
245 1 0 _aPost-structuralist geography
_h[electronic resource] :
_ba guide to relational space /
_cJonathan Murdoch.
260 _aLondon :
_bSAGE,
_cc2006.
300 _a1 online resource (ix, 220 p.) :
_bill., maps.
504 _aIncludes bibliographical references and index.
520 8 _aAn introduction to post-structuralist theory that critically assesses how the concept can be used to study space and place this text communicates a new agenda for the study of human geography.
521 _aSpecialized.
588 _aDescription based on print version record.
650 0 _aGeography
_xPhilosophy.
650 0 _aPoststructuralism.
655 7 _aElectronic books.
_2local
710 2 _aSage eBooks
776 0 8 _iPrint version :
_z9780761974246
856 4 0 _uhttp://ezproxy.alfaisal.edu/login?url=http://sk.sagepub.com/books/post-structuralist-geography
942 _2lcc
_cEBOOKS
999 _c480913
_d480913